| 000 | 00443nam a2200157 a 4500 | ||
|---|---|---|---|
| 082 |
_a297.4 _bATA _cL31,P-168 |
||
| 100 | 1 |
_aIbn Ata Ullah _937403 |
|
| 245 | 1 |
_aSufi aphorisms _bkitab al-hikam |
|
| 260 |
_aLahore: _bSuhail Academy , _c1973 |
||
| 300 | _a88p. | ||
| 526 |
_a0 _b0 _c0 _d297_400000000000000_ATA |
||
| 650 | 0 |
_aMCE _9379 |
|
| 650 | 0 |
_aSufism -- Early Works To 1800 _937404 |
|
| 700 |
_aDanner, victor (tr.) _937405 |
||
| 942 |
_2ddc _cBK |
||
| 999 |
_c542276 _d542276 |
||